COPPER AND GUNN'S DISPENSING FOR PHARMACEUTICAL STUDENTS (Record no. 1220024)

MARC details
000 -LEADER
fixed length control field 00414nam a2200157Ia 4500
008 - FIXED-LENGTH DATA ELEMENTS--GENERAL INFORMATION
fixed length control field 260407s2008 xx 000 0 und d
041 ## - LANGUAGE CODE
Language code of text/sound track or separate title eng
082 ## - DEWEY DECIMAL CLASSIFICATION NUMBER
Classification number 615.45/COO
Item number 12532
100 ## - MAIN ENTRY--PERSONAL NAME
Personal name S.J.CARTER
245 ## - TITLE STATEMENT
Title COPPER AND GUNN'S DISPENSING FOR PHARMACEUTICAL STUDENTS
250 ## - EDITION STATEMENT
Edition statement 12TH
260 ## - PUBLICATION, DISTRIBUTION, ETC.
Place of publication, distribution, etc. MUMBAI
Name of publisher, distributor, etc. CBS PUBLICATION
Date of publication, distribution, etc. 2008
300 ## - PHYSICAL DESCRIPTION
Extent 759p
650 ## - SUBJECT ADDED ENTRY--TOPICAL TERM
Topical term or geographic name entry element PHARMACEUTICS
650 ## - SUBJECT ADDED ENTRY--TOPICAL TERM
Topical term or geographic name entry element PHARMACEUTICS
Holdings
Withdrawn status Lost status Damaged status Not for loan Home library Current library Date acquired Cost, normal purchase price Total Checkouts Full call number Barcode Date last seen Price effective from Koha item type
        College of Pharmacy, Kolhapur College of Pharmacy, Kolhapur 08/04/2026 750.00   615.45/COO/12532 PCK-12532 08/04/2026 08/04/2026 Book